[Event "Niedersachsen-ch op"]
[Site "Verden"]
[Date "2007.01.04"]
[Round "2"]
[White "Knoke, Tobias"]
[Black "Hoellmann, Ludger"]
[Result "0-1"]
[WhiteElo "1783"]
[BlackElo "2093"]
[PlyCount "72"]
[EventDate "2007.01.04"]
[EventType "swiss"]
[EventRounds "7"]
[EventCountry "GER"]
[SourceTitle "EXT 2021"]
[Source "ChessBase"]
[SourceDate "2020.10.23"]
[SourceVersion "1"]
[SourceVersionDate "2020.10.23"]
[SourceQuality "1"]

1. c4 d6 2. g3 e5 3. d3 f5 4. Bg2 Nf6 5. e4 fxe4 6. dxe4 Be6 7. Ne2 Bxc4 8. Nbc3 Nc6 9. b3 Be6 10. 0-0 Be7 11. f4 Qd7 12. f5 Bf7 13. h3 d5 14. Nxd5 Nxd5 15. exd5 Rd8 16. Nc3 Nd4 17. Qd3 Bb4 18. Re1 Qxf5 19. Qxf5 Nxf5 20. Rxe5+ Ne7 21. Bb2 0-0 22. Rd1 Bd6 23. Re2 Nf5 24. Ne4 Nxg3 25. Nxg3 Bxg3 26. Bf3 Rfe8 27. Kg2 Rxe2+ 28. Bxe2 Bd6 29. Bf3 Re8 30. Bd4 Bg6 31. Rc1 b6 32. h4 Be4 33. Rg1 Bxf3+ 34. Kxf3 Re7 35. h5 Rf7+ 36. Ke4 Rf4+ 0-1